Las psicofisiología humana

Saved in:
Bibliografiske detaljer
Hovedforfatter: Delay, Jean (Author)
Format: Bog
Sprog:spansk
Udgivet: Buenos Aires Paidos 1956
Udgivelse:5a. ed
Fag:
Tags: Tilføj Tag
Ingen Tags, Vær først til at tagge denne postø!

MARC

LEADER 00000nam a2200000 a 4500
001 UCY9271
003 CL-VaPUC
008 950713e19560000AG |||||||||||||||||spa|d
082 0 4 |a 150  |b DEL  |2 21 
100 0 |a Delay, Jean  |e author  |9 341347 
245 1 4 |a Las psicofisiología humana 
250 |a 5a. ed 
300 |a 112 p 
942 |c BK 
945 |d 19950713 00:00:00  |a aalvarez 
260 |a Buenos Aires  |b Paidos  |c 1956 
650 7 |a PSICOFISIOLOGIA  |2 CL-VaPUC  |9 307700 
650 0 |a Emociones   |9 265224 
583 |a last modification  |c 19950713 00:00:00  |k Rodrigo Vera 
999 |c 236395  |d 236393 
952 |0 0  |1 0  |4 0  |6 150_000000000000000_DEL_1956  |7 0  |8 A  |9 244459  |a BIBEDU  |b BIBEDU  |d 2019-11-18  |i 3104613  |o 150 DEL 1956  |p 3104613  |r 2019-11-18  |w 2019-11-18  |y BK  |k FIL